000 00680nam a22002417a 4500
005 20250507170852.0
008 250507b |||||||| |||| 00| 0 eng d
037 _cTB
040 _aLCT
_cLCT
041 _2eng
_aeng
_heng
084 _bZ(Q2) Q17
100 _aDiwan, Paras
245 _aModern Hindu Law /
250 _a23nd ed.
260 _aFaridabad, India
_bAllahabad Law Agency,
_c2014
300 _axlviii, 640p.
650 _aModern Hindu Law
650 _2Law
650 _aAncient Indian Law
_9704619
650 _ahistory of ancient law
_9753554
700 _aDiwan, Peeyushi
942 _2CC
_cTB
_hZ(Q2) Q17
_n0
999 _c1320379
_d1320379